[Event "HSG Open 2019 A"]
[Site "Hilversum"]
[Date "2019.06.21"]
[Round "1.1"]
[White "Taal, Rieks"]
[Black "L'Ami, Erwin"]
[Result "1-0"]
[BlackElo "2648"]
[WhiteElo "2090"]
[LiveChessVersion "1.4.8"]

1. d4 Nf6 2. c4 e6 3. Nc3 Bb4 4. Qc2 c5 5. dxc5 O-O 6. Nf3 Na6 7. g3 Nxc5 8. Bg2
Nce4 9. O-O Bxc3 10. bxc3 Qc7 11. Nd4 d5 12. cxd5 exd5 13. Ba3 Re8 14. Rac1 Qc4
15. f3 Nc5 16. Rf2 Bd7 17. Bf1 Rac8 18. e4 Qa4 19. Qxa4 Nxa4 20. Nb5 dxe4 21. Nd6
e3 22. Rfc2 Nd5 23. Nxc8 Rxc8 24. Bd3 Bc6 25. Be4 Re8 26. c4 Ndb6 27. Bxc6 bxc6
28. Kf1 f5 29. Ke2 c5 30. Rd1 g5 31. Rd6 Kf7 32. Rc6 f4 33. Bxc5 Nxc5 34. Rxc5
Kf6 35. Rc7 Ke5 36. Rxa7 Kd4 37. a4 Re6 38. gxf4 Rh6 39. Kf1 Kd3 40. fxg5 Rh3 41.
Ra2 Rxf3+ 42. Ke1 Nxc4 43. Rd7+ Ke4 44. a5 Ne5 45. Ra4+ Kf5 46. Rd8 Kg6 47. a6
Rf2 48. Re4 Nf3+ 49. Kd1 Ra2 50. Rxe3 Nxh2 51. Rd6+ Kxg5 52. Re7 h5 53. a7 1-0

[Event "HSG Open 2019 A"]
[Site "Hilversum"]
[Date "2019.06.21"]
[Round "1.2"]
[White "Van Wely, Loek"]
[Black "Van 't Hof, Eric"]
[Result "1-0"]
[BlackElo "2083"]
[WhiteElo "2604"]
[LiveChessVersion "1.4.8"]

1. d4 d5 2. c4 e6 3. Nf3 Nf6 4. Nc3 Be7 5. Bf4 O-O 6. e3 c5 7. dxc5 Bxc5 8. a3
Nc6 9. Qc2 dxc4 10. Bxc4 a6 11. O-O Bd7 12. Rfd1 Qe7 13. b4 Ba7 14. Bd6 Qd8 15.
Bxf8 Qxf8 16. Ne4 Be8 17. Nd6 b5 18. Be2 Nd5 19. Nxe8 Qxe8 20. Ng5 g6 21. Ne4
Nce7 22. Bf3 f5 23. Nc3 Rc8 24. Bxd5 exd5 25. Qb3 Rc4 26. Nxd5 Nxd5 27. Rxd5 f4
28. Rad1 Bb6 29. Rd6 Qb8 30. exf4 Qa7 31. Kf1 Qc7 32. g3 Kf8 33. Qb2 Rc3 34. Rd7
1-0

[Event "HSG Open 2019 A"]
[Site "Hilversum"]
[Date "2019.06.21"]
[Round "1.3"]
[White "Straat, Evert-Jan"]
[Black "Burg, Twan"]
[Result "0-1"]
[BlackElo "2523"]
[WhiteElo "2079"]
[LiveChessVersion "1.4.8"]

1. d4 Nf6 2. c4 e6 3. Nf3 d5 4. g3 Bb4+ 5. Bd2 Be7 6. Bg2 c6 7. Qc2 O-O 8. O-O b6
9. b3 a5 10. Bf4 Nbd7 11. Nc3 Ba6 12. Nd2 Nh5 13. Be3 Rc8 14. Rfe1 f5 15. f4 Nhf6
16. Kh1 Ne4 17. Ndxe4 fxe4 18. Rad1 Qe8 19. Rg1 Nf6 20. Bh3 Bd6 21. c5 bxc5 22.
dxc5 Bc7 23. Bd4 Kh8 24. e3 Rd8 25. g4 e5 26. g5 Nd7 27. Bxd7 Rxd7 28. fxe5 Bxe5
29. Qg2 Rdf7 30. Bxe5 Qxe5 31. Ne2 Rf2 32. Rgf1 R2f3 33. Rg1 Bxe2 34. Qxe2 Qc3
35. g6 Qxe3 36. Qg2 Rf2 0-1

[Event "HSG Open 2019 A"]
[Site "Hilversum"]
[Date "2019.06.21"]
[Round "1.4"]
[White "Nijboer, Friso"]
[Black "Vlaming, Jos"]
[Result "1-0"]
[BlackElo "2079"]
[WhiteElo "2488"]
[LiveChessVersion "1.4.8"]

1. e4 g6 2. d4 Bg7 3. Nc3 c6 4. Nf3 d5 5. h3 Nf6 6. e5 Ne4 7. Bd3 Nxc3 8. bxc3 c5
9. O-O Nc6 10. Re1 O-O 11. Rb1 c4 12. Bf1 Qa5 13. Bd2 Qa4 14. g4 b5 15. Bg2 Rb8
16. Bf4 Be6 17. Ng5 Qxa2 18. Qd2 Qa5 19. Nxe6 fxe6 20. Be3 Rb7 21. g5 Rfb8 22. h4
Qc7 23. Bh3 Qd7 24. Qd1 a5 25. Qg4 Nd8 26. Ra1 Qc7 27. h5 b4 28. h6 b3 29. hxg7
b2 30. Rab1 a4 31. Kg2 a3 32. Rh1 Kxg7 33. Qh4 h5 34. gxh6+ Kh7 35. Qf4 1-0

[Event "HSG Open 2019 A"]
[Site "Hilversum"]
[Date "2019.06.21"]
[Round "1.5"]
[White "Berrevoets, Jeroen"]
[Black "Beerdsen, Thomas"]
[Result "0-1"]
[BlackElo "2488"]
[WhiteElo "2065"]
[LiveChessVersion "1.4.8"]

1. e4 c5 2. Nf3 e6 3. d4 cxd4 4. Nxd4 Nc6 5. Nc3 Qc7 6. Be3 a6 7. Be2 Nf6 8. O-O
b5 9. Nxc6 dxc6 10. Bf3 e5 11. a4 b4 12. Ne2 a5 13. c3 Be6 14. cxb4 axb4 15. Qc2
Nd7 16. b3 Ra5 17. Nc1 Bc5 18. Bd2 Bd4 19. Rb1 Qb7 20. Nd3 c5 21. Be2 O-O 22. Nb2
Nb6 23. Kh1 f5 24. Bc4 Nxc4 25. Nxc4 Ra6 26. f3 Qf7 27. Rbc1 Bxc4 28. Qxc4 Qxc4
29. Rxc4 fxe4 30. Rcc1 e3 0-1

[Event "HSG Open 2019 A"]
[Site "Hilversum"]
[Date "2019.06.21"]
[Round "1.6"]
[White "Ten Hertog, Hugo"]
[Black "Pietrow, Andrzej"]
[Result "1-0"]
[BlackElo "2053"]
[WhiteElo "2482"]
[LiveChessVersion "1.4.8"]

1. e4 c6 2. d4 d5 3. e5 Na6 4. c3 Nc7 5. Ne2 g6 6. Nd2 Nh6 7. h3 Bg7 8. f4 f6 9.
Nf3 O-O 10. g4 f5 11. g5 Nf7 12. h4 Qd7 13. h5 Re8 14. Ng3 b6 15. Qd2 Qe6 16. Kd1
Nd8 17. Nh4 Ba6 18. Bh3 Qf7 19. hxg6 hxg6 20. Nxg6 Qxg6 21. Bxf5 Qf7 22. g6 1-0

[Event "HSG Open 2019 A"]
[Site "Hilversum"]
[Date "2019.06.21"]
[Round "1.7"]
[White "Cebula, Jerzy"]
[Black "Schoppen, Casper"]
[Result "0-1"]
[BlackElo "2464"]
[WhiteElo "2038"]
[LiveChessVersion "1.4.8"]

1. e4 c5 2. Nf3 d6 3. d4 cxd4 4. Nxd4 Nf6 5. Nc3 g6 6. Be3 Bg7 7. f3 O-O 8. Qd2
Nc6 9. g4 Be6 10. O-O-O Nxd4 11. Bxd4 Qa5 12. Kb1 Rfc8 13. a3 Rab8 14. h4 b5 15.
Nd5 Qxd2 16. Rxd2 Bxd5 17. exd5 Rc7 18. g5 Nh5 19. Bxg7 Kxg7 20. Rg1 b4 21. a4 a5
22. Rd4 h6 23. Bd3 Rh8 24. Rgg4 hxg5 25. hxg5 Rd8 26. Bc4 Kg8 27. Bd3 Ng7 28. Rg2
Rc5 29. Rh2 e5 30. dxe6 Nxe6 31. Rdh4 Rxg5 32. f4 Rg1+ 33. Ka2 Kg7 34. f5 Nc5 35.
fxg6 b3+ 36. cxb3 Nxd3 37. Rh7+ Kxg6 38. R2h6+ Kg5 0-1

[Event "HSG Open 2019 A"]
[Site "Hilversum"]
[Date "2019.06.21"]
[Round "1.8"]
[White "Zwirs, Nico"]
[Black "Jonsson, Gauti Pall"]
[Result "1-0"]
[BlackElo "2033"]
[WhiteElo "2387"]
[LiveChessVersion "1.4.8"]

1. e4 c5 2. Nf3 g6 3. d4 cxd4 4. Nxd4 Bg7 5. c4 Nc6 6. Be3 Nf6 7. Nc3 Ng4 8. Qxg4
Nxd4 9. Qd1 e5 10. Bd3 O-O 11. O-O d6 12. Qd2 Be6 13. Ne2 Rc8 14. b3 Nc6 15. Rac1
f5 16. f4 Qe7 17. Ng3 g5 18. exf5 exf4 19. fxe6 Qxe6 20. Bf5 Rxf5 21. Nxf5 Qxf5
22. Bf2 Be5 23. b4 f3 24. Be3 g4 25. b5 Ne7 26. g3 Qe4 27. Bf2 Rxc4 28. Rxc4 Qxc4
29. Rc1 Qe4 30. Qc2 Qxc2 31. Rxc2 d5 32. Bxa7 d4 33. a4 Kf7 34. Rd2 Ke6 35. Bxd4
Bd6 36. a5 Bb4 37. a6 bxa6 38. bxa6 Nc6 39. Rb2 Ba3 40. Rb6 Kd7 41. a7 1-0

[Event "HSG Open 2019 A"]
[Site "Hilversum"]
[Date "2019.06.21"]
[Round "1.9"]
[White "Hellenberg, Jan"]
[Black "Van de Griendt, Jan Willem"]
[Result "0-1"]
[BlackElo "2332"]
[WhiteElo "2018"]
[LiveChessVersion "1.4.8"]

1. c4 {[%clk 1:50:17]} Nf6 {[%clk 1:44:45]} 2. g3 {[%clk 1:50:16]} g6
{[%clk 1:44:50]} 3. Bg2 {[%clk 1:50:21]} Bg7 {[%clk 1:44:56]} 4. Nc3 O-O
{[%clk 1:43:43]} 5. d3 {[%clk 1:48:56]} d6 {[%clk 1:39:02]} 6. Nf3
{[%clk 1:47:06]} e5 {[%clk 1:22:01]} 7. O-O {[%clk 1:47:06]} Nh5 8. e4 Qe8
{[%clk 1:22:01]} 9. Nh4 {[%clk 1:33:52]} c6 {[%clk 1:11:02]} 10. Bf3
{[%clk 1:27:42]} Nf6 {[%clk 1:10:49]} 11. Be3 {[%clk 1:24:15]} Qe7
{[%clk 1:08:13]} 12. Qc1 {[%clk 1:18:38]} Ng4 {[%clk 1:00:43]} 13. Bd2
{[%clk 1:15:41]} Na6 {[%clk 0:59:56]} 14. Ng2 {[%clk 1:09:09]} Nc5
{[%clk 0:57:58]} 15. Be2 {[%clk 1:09:06]} f5 {[%clk 0:57:45]} 16. f3
{[%clk 1:06:34]} Nf6 {[%clk 0:56:38]} 17. Bh6 {[%clk 1:04:34]} Bd7
{[%clk 0:49:51]} 18. Bxg7 {[%clk 1:04:36]} Qxg7 {[%clk 0:49:00]} 19. Qd2
{[%clk 0:57:28]} Ne6 {[%clk 0:45:43]} 20. exf5 {[%clk 0:53:39]} gxf5
{[%clk 0:43:33]} 21. f4 {[%clk 0:52:48]} Nd4 {[%clk 0:41:53]} 22. Bf3
{[%clk 0:48:38]} Rae8 {[%clk 0:39:06]} 23. Rae1 {[%clk 0:35:19]} Qh6
{[%clk 0:35:29]} 24. Bd1 {[%clk 0:27:36]} Kh8 {[%clk 0:30:18]} 25. Qf2
{[%clk 0:24:25]} c5 {[%clk 0:23:33]} 26. Re3 {[%clk 0:19:16]} Bc6
{[%clk 0:22:02]} 27. Rfe1 {[%clk 0:15:47]} Ng4 {[%clk 0:14:37]} 28. Bxg4
{[%clk 0:15:02]} fxg4 {[%clk 0:14:35]} 29. Nh4 {[%clk 0:12:51]} exf4
{[%clk 0:14:36]} 30. Rxe8 {[%clk 0:11:14]} Bxe8 {[%clk 0:14:38]} 31. Qg2
{[%clk 0:04:21]} Bc6 {[%clk 0:13:12]} 32. Nd5 {[%clk 0:04:26]} f3
{[%clk 0:11:45]} 33. Qf2 {[%clk 0:04:34]} Bxd5 {[%clk 0:11:41]} 34. cxd5
{[%clk 0:04:39]} Kg8 {[%clk 0:08:26]} 35. b4 {[%clk 0:04:06]} b6 {[%clk 0:08:03]}
36. bxc5 {[%clk 0:03:24]} bxc5 {[%clk 0:08:11]} 37. Kf1 {[%clk 0:03:16]} Ne2
{[%clk 0:07:13]} 38. Rb1 {[%clk 0:02:27]} Qd2 {[%clk 0:07:10]} 39. Qe1
{[%clk 0:01:29]} Qxd3 {[%clk 0:06:47]} 0-1

[Event "HSG Open 2019 A"]
[Site "Hilversum"]
[Date "2019.06.21"]
[Round "1.10"]
[White "Lanchava, Tea"]
[Black "Manshanden, Nick"]
[Result "1-0"]
[BlackElo "2010"]
[WhiteElo "2314"]
[LiveChessVersion "1.4.8"]

1. c4 {[%clk 1:50:13]} Nf6 {[%clk 1:24:17]} 2. Nc3 {[%clk 1:50:13]} e6
{[%clk 1:24:17]} 3. e4 Nc6 4. d4 {[%clk 1:43:17]} Bb4 {[%clk 1:22:01]} 5. Bd3
{[%clk 1:36:14]} d6 {[%clk 1:18:57]} 6. Nge2 {[%clk 1:34:34]} O-O
{[%clk 1:17:01]} 7. O-O {[%clk 1:34:24]} h6 {[%clk 1:15:47]} 8. Qc2
{[%clk 1:33:18]} Bxc3 {[%clk 1:10:07]} 9. Qxc3 {[%clk 1:30:50]} e5
{[%clk 0:55:56]} 10. d5 {[%clk 1:29:52]} Ne7 {[%clk 0:55:57]} 11. f4
{[%clk 1:29:21]} Ng6 {[%clk 0:53:47]} 12. f5 {[%clk 1:28:37]} Ne7
{[%clk 0:53:43]} 13. Bc2 {[%clk 1:28:21]} c6 {[%clk 0:53:14]} 14. Qg3
{[%clk 1:28:03]} Kh8 {[%clk 0:39:56]} 15. Qh4 {[%clk 1:27:41]} Neg8
{[%clk 0:39:52]} 16. Be3 {[%clk 1:22:14]} cxd5 {[%clk 0:38:10]} 17. cxd5
{[%clk 1:18:45]} Qa5 {[%clk 0:33:50]} 18. Bd3 {[%clk 1:14:33]} Bd7
{[%clk 0:30:10]} 19. a4 {[%clk 1:04:53]} Qb4 {[%clk 0:27:13]} 20. g4
{[%clk 1:04:39]} Bxa4 {[%clk 0:22:27]} 21. g5 {[%clk 0:57:46]} Nxd5
{[%clk 0:21:58]} 22. gxh6 {[%clk 0:56:07]} g6 {[%clk 0:21:26]} 23. h7
{[%clk 0:53:21]} Nxe3 {[%clk 0:09:56]} 1-0

[Event "HSG Open 2019 A"]
[Site "Hilversum"]
[Date "2019.06.21"]
[Round "1.11"]
[White "Brouwer, Timon"]
[Black "De Ruiter, Danny"]
[Result "1/2-1/2"]
[BlackElo "2309"]
[WhiteElo "2003"]
[LiveChessVersion "1.4.8"]

1. d4 {[%clk 1:50:15]} Nf6 {[%clk 1:50:04]} 2. Nc3 {[%clk 1:50:09]} d5
{[%clk 1:49:55]} 3. Bf4 {[%clk 1:50:12]} Bf5 {[%clk 1:49:13]} 4. f3
{[%clk 1:49:13]} e6 {[%clk 1:49:13]} 5. g4 {[%clk 1:49:13]} Bg6 {[%clk 1:49:17]}
6. h4 {[%clk 1:49:18]} h6 {[%clk 1:49:21]} 7. e3 Bd6 {[%clk 1:43:36]} 8. Bd3
{[%clk 1:45:28]} Bxf4 {[%clk 1:30:10]} 9. exf4 {[%clk 1:45:28]} Bxd3 10. Qxd3
{[%clk 1:40:30]} Qd7 11. O-O-O Nc6 {[%clk 1:30:10]} 12. Nh3 {[%clk 1:38:14]}
O-O-O {[%clk 1:25:56]} 13. a3 {[%clk 1:18:08]} Ne7 {[%clk 1:19:58]} 14. Nf2
{[%clk 1:14:11]} h5 {[%clk 1:16:46]} 15. Qe2 {[%clk 1:11:46]} hxg4
{[%clk 1:11:35]} 16. fxg4 {[%clk 0:58:10]} Nc6 {[%clk 1:06:30]} 17. h5
{[%clk 0:49:21]} Ne8 {[%clk 1:02:58]} 18. Qe3 {[%clk 0:41:30]} Nd6
{[%clk 1:02:00]} 19. b3 {[%clk 0:39:03]} Qe7 {[%clk 0:58:21]} 20. Kb2
{[%clk 0:34:10]} Na5 {[%clk 0:49:12]} 21. Ka2 {[%clk 0:32:40]} Nc6
{[%clk 0:41:39]} 22. Rhe1 {[%clk 0:28:26]} 1/2-1/2

[Event "HSG Open 2019 A"]
[Site "Hilversum"]
[Date "2019.06.21"]
[Round "1.12"]
[White "Vedder, Richard"]
[Black "Van der Meiden, Dirk"]
[Result "1-0"]
[BlackElo "2003"]
[WhiteElo "2290"]
[LiveChessVersion "1.4.8"]

1. Nf3 {[%clk 1:50:17]} d5 {[%clk 1:50:00]} 2. g3 {[%clk 1:50:20]} Nf6
{[%clk 1:49:28]} 3. Bg2 {[%clk 1:50:25]} e6 {[%clk 1:49:16]} 4. O-O
{[%clk 1:50:29]} Be7 {[%clk 1:49:05]} 5. d3 {[%clk 1:50:23]} O-O {[%clk 1:48:51]}
6. Nbd2 {[%clk 1:50:25]} b5 {[%clk 1:48:19]} 7. e4 dxe4 {[%clk 1:45:38]} 8. dxe4
{[%clk 1:48:30]} Bb7 {[%clk 1:45:19]} 9. Qe2 {[%clk 1:48:23]} c5 {[%clk 1:44:07]}
10. Rd1 {[%clk 1:46:20]} Qb6 {[%clk 1:41:14]} 11. a4 {[%clk 1:46:24]} a6
{[%clk 1:40:00]} 12. e5 {[%clk 1:39:04]} Nd5 {[%clk 1:40:00]} 13. c4
{[%clk 1:39:04]} Nb4 14. Ne4 bxa4 {[%clk 1:30:14]} 15. Bg5 {[%clk 1:37:52]} f6
{[%clk 1:27:53]} 16. exf6 {[%clk 1:37:56]} gxf6 {[%clk 1:27:53]} 17. Bh6
{[%clk 1:38:00]} Re8 {[%clk 1:23:56]} 18. Ne5 {[%clk 1:36:25]} 1-0

[Event "HSG Open 2019 A"]
[Site "Hilversum"]
[Date "2019.06.21"]
[Round "2.1"]
[White "Floor, Dirk"]
[Black "Van Wely, Loek"]
[Result "0-1"]
[BlackElo "2604"]
[WhiteElo "2184"]
[LiveChessVersion "1.4.8"]

1. d4 {[%clk 1:50:18]} Nf6 {[%clk 1:49:40]} 2. c4 {[%clk 1:50:16]} g6
{[%clk 1:49:33]} 3. Nc3 {[%clk 1:50:06]} d5 {[%clk 1:48:34]} 4. Nf3
{[%clk 1:48:59]} Bg7 {[%clk 1:48:37]} 5. cxd5 {[%clk 1:47:46]} Nxd5
{[%clk 1:48:42]} 6. e4 {[%clk 1:47:36]} Nxc3 {[%clk 1:48:44]} 7. bxc3
{[%clk 1:47:40]} c5 {[%clk 1:48:02]} 8. Be3 {[%clk 1:47:36]} Nc6 {[%clk 1:45:37]}
9. d5 {[%clk 1:37:49]} Bxc3+ {[%clk 1:34:38]} 10. Bd2 {[%clk 1:37:35]} Bxa1
{[%clk 1:34:06]} 11. Qxa1 {[%clk 1:34:34]} Nd4 {[%clk 1:34:09]} 12. Nxd4
{[%clk 1:33:43]} cxd4 {[%clk 1:34:14]} 13. Qxd4 {[%clk 1:32:56]} O-O
{[%clk 1:32:40]} 14. Bc3 {[%clk 1:26:49]} f6 {[%clk 1:31:30]} 15. Bc4
{[%clk 1:23:27]} Qb6 {[%clk 1:23:27]} 16. d6+ {[%clk 1:17:19]} e6
{[%clk 1:18:50]} 17. Qxb6 {[%clk 1:16:07]} axb6 {[%clk 1:18:54]} 18. Bb3
{[%clk 1:08:34]} Bd7 {[%clk 1:15:43]} 19. O-O {[%clk 0:58:37]} Kf7
{[%clk 1:12:39]} 20. Bd4 {[%clk 0:48:57]} Ba4 {[%clk 1:04:58]} 21. f4
{[%clk 0:29:58]} Bxb3 {[%clk 0:56:59]} 22. axb3 {[%clk 0:29:58]} Rfc8
{[%clk 0:41:27]} 23. Rd1 {[%clk 0:26:23]} Rc6 {[%clk 0:39:20]} 24. e5
{[%clk 0:25:39]} Ke8 {[%clk 0:36:07]} 25. Rd2 {[%clk 0:16:24]} Ra5
{[%clk 0:29:14]} 26. Kf2 {[%clk 0:14:34]} Rd5 {[%clk 0:28:33]} 27. Ke3
{[%clk 0:14:27]} fxe5 {[%clk 0:27:25]} 28. fxe5 {[%clk 0:14:18]} Rc1
{[%clk 0:27:12]} 29. Ke2 {[%clk 0:09:34]} b5 {[%clk 0:24:41]} 30. Rd3
{[%clk 0:08:49]} b4 {[%clk 0:24:04]} 31. Rd2 {[%clk 0:08:40]} g5 {[%clk 0:22:39]}
32. g4 {[%clk 0:07:48]} h6 {[%clk 0:19:29]} 33. Kf2 {[%clk 0:06:40]} Rh1
{[%clk 0:18:31]} 34. Rd3 {[%clk 0:01:18]} Rxh2+ {[%clk 0:18:20]} 35. Kf3
{[%clk 0:01:03]} Kd7 {[%clk 0:17:30]} 0-1

[Event "HSG Open 2019 A"]
[Site "Hilversum"]
[Date "2019.06.21"]
[Round "2.2"]
[White "Burg, Twan"]
[Black "Tabak, Stefan"]
[Result "1/2-1/2"]
[BlackElo "2183"]
[WhiteElo "2523"]
[LiveChessVersion "1.4.8"]

1. e4 {[%clk 1:50:19]} c5 {[%clk 1:50:11]} 2. Nf3 {[%clk 1:50:26]} Nc6
{[%clk 1:50:15]} 3. Bb5 {[%clk 1:50:29]} g6 {[%clk 1:50:09]} 4. Bxc6
{[%clk 1:50:29]} dxc6 {[%clk 1:50:14]} 5. d3 {[%clk 1:50:22]} Bg7
{[%clk 1:50:19]} 6. h3 {[%clk 1:50:18]} e5 {[%clk 1:50:17]} 7. Nc3
{[%clk 1:48:35]} Qc7 {[%clk 1:45:07]} 8. Be3 {[%clk 1:48:00]} b6 {[%clk 1:45:13]}
9. Qd2 {[%clk 1:47:52]} h6 {[%clk 1:44:03]} 10. a3 {[%clk 1:47:40]} Be6
{[%clk 1:36:41]} 11. Qe2 {[%clk 1:45:41]} Ne7 {[%clk 1:36:19]} 12. b4
{[%clk 1:38:54]} cxb4 {[%clk 1:34:54]} 13. axb4 {[%clk 1:39:03]} Rd8
{[%clk 1:30:50]} 14. g4 {[%clk 1:33:32]} g5 {[%clk 1:28:05]} 15. b5
{[%clk 1:27:24]} c5 {[%clk 1:25:22]} 16. Ra4 {[%clk 1:27:24]} Qd7
{[%clk 1:05:10]} 17. Qd1 {[%clk 1:24:26]} Rc8 {[%clk 0:55:39]} 18. Nd2
{[%clk 1:18:00]} Ng6 {[%clk 0:51:48]} 19. Qf3 {[%clk 1:16:07]} O-O
{[%clk 0:50:08]} 20. Nd5 {[%clk 1:14:31]} Bxd5 {[%clk 0:47:59]} 21. exd5
{[%clk 1:14:34]} a5 {[%clk 0:48:01]} 22. c4 {[%clk 1:13:35]} f5 {[%clk 0:47:52]}
23. gxf5 {[%clk 1:13:19]} Rxf5 {[%clk 0:45:08]} 24. Qg4 {[%clk 1:13:16]} Rcf8
{[%clk 0:44:38]} 25. Ne4 {[%clk 1:12:40]} Qe7 {[%clk 0:42:04]} 26. Kd2
{[%clk 1:08:20]} Nh4 {[%clk 0:41:04]} 27. Kc2 {[%clk 1:05:37]} Kh8
{[%clk 0:39:15]} 28. Raa1 {[%clk 1:05:04]} Qf7 {[%clk 0:31:17]} 29. Kb3
{[%clk 0:58:49]} Rf3 {[%clk 0:28:44]} 30. Rag1 {[%clk 0:52:17]} a4+
{[%clk 0:21:13]} 31. Ka2 {[%clk 0:48:43]} Qa7 {[%clk 0:19:59]} 32. Bxg5
{[%clk 0:45:47]} hxg5 {[%clk 0:12:52]} 33. Nxg5 {[%clk 0:40:27]} Rxf2+
{[%clk 0:11:57]} 34. Ka3 {[%clk 0:36:33]} Nf5 {[%clk 0:08:16]} 35. Qh5+
{[%clk 0:35:33]} Bh6 {[%clk 0:07:30]} 36. Ne4 {[%clk 0:35:23]} Qa5
{[%clk 0:06:56]} 37. Rb1 {[%clk 0:33:58]} Rf4 {[%clk 0:05:38]} 38. Rhg1
{[%clk 0:33:13]} Rxe4 {[%clk 0:04:58]} 39. dxe4 {[%clk 0:33:10]} Qc3+
{[%clk 0:05:05]} 40. Ka2 {[%clk 0:33:15]} Qxc4+ {[%clk 0:05:07]} 41. Ka1
{[%clk 0:32:39]} Qd4+ {[%clk 0:05:02]} 42. Ka2 {[%clk 0:32:45]} Qc4+
{[%clk 0:04:56]} 43. Ka1 {[%clk 0:32:51]} Qd4+ {[%clk 0:04:30]} 44. Ka2
{[%clk 0:33:01]} Qc4+ {[%clk 0:04:34]} 1/2-1/2

[Event "HSG Open 2019 A"]
[Site "Hilversum"]
[Date "2019.06.21"]
[Round "2.3"]
[White "Damen, Jip"]
[Black "Nijboer, Friso"]
[Result "1/2-1/2"]
[BlackElo "2488"]
[WhiteElo "2175"]
[LiveChessVersion "1.4.8"]

1. e4 {[%clk 1:50:16]} c5 {[%clk 1:49:59]} 2. Nf3 {[%clk 1:50:16]} Nc6
{[%clk 1:50:04]} 3. d4 {[%clk 1:50:01]} cxd4 {[%clk 1:49:38]} 4. Nxd4
{[%clk 1:50:02]} e5 {[%clk 1:49:08]} 5. Nb5 {[%clk 1:49:08]} d6 {[%clk 1:47:50]}
6. c4 {[%clk 1:45:51]} Be7 {[%clk 1:46:18]} 7. Be2 {[%clk 1:43:59]} Nf6
{[%clk 1:45:38]} 8. N1c3 {[%clk 1:42:15]} a6 {[%clk 1:45:27]} 9. Na3
{[%clk 1:42:20]} Be6 {[%clk 1:45:23]} 10. O-O {[%clk 1:39:59]} Nd4
{[%clk 1:36:34]} 11. Be3 {[%clk 1:33:07]} Nxe2+ {[%clk 1:36:16]} 12. Qxe2
{[%clk 1:33:08]} O-O {[%clk 1:36:01]} 13. f3 {[%clk 1:29:07]} Rc8
{[%clk 1:20:34]} 14. Nd5 {[%clk 1:25:30]} Nd7 {[%clk 1:07:44]} 15. Nxe7+
{[%clk 1:21:26]} Qxe7 {[%clk 1:05:54]} 16. b3 {[%clk 1:20:49]} d5
{[%clk 1:02:35]} 17. cxd5 {[%clk 1:13:09]} Bxd5 {[%clk 1:02:28]} 18. Qb2
{[%clk 1:07:48]} Be6 {[%clk 0:59:25]} 19. Rac1 {[%clk 1:07:39]} f6
{[%clk 0:38:22]} 20. Nb1 {[%clk 1:03:29]} Qb4 {[%clk 0:29:24]} 21. Rfd1
{[%clk 0:55:00]} Rfd8 {[%clk 0:27:25]} 22. Rxc8 {[%clk 0:47:01]} Rxc8
{[%clk 0:27:27]} 23. a3 {[%clk 0:46:14]} Qe7 {[%clk 0:19:15]} 24. b4
{[%clk 0:43:30]} Nf8 {[%clk 0:16:35]} 1/2-1/2

[Event "HSG Open 2019 A"]
[Site "Hilversum"]
[Date "2019.06.21"]
[Round "2.4"]
[White "Beerdsen, Thomas"]
[Black "Kusnetsov, Mark"]
[Result "1/2-1/2"]
[BlackElo "2142"]
[WhiteElo "2488"]
[LiveChessVersion "1.4.8"]

1. e4 {[%clk 1:50:16]} e5 {[%clk 1:48:20]} 2. Bc4 {[%clk 1:50:20]} Nc6
{[%clk 1:48:08]} 3. Nf3 {[%clk 1:50:24]} Nf6 {[%clk 1:47:36]} 4. d3
{[%clk 1:50:28]} Be7 {[%clk 1:47:07]} 5. O-O {[%clk 1:50:31]} O-O
{[%clk 1:45:27]} 6. Re1 {[%clk 1:50:35]} d6 {[%clk 1:44:15]} 7. a4
{[%clk 1:50:39]} Bg4 {[%clk 1:37:57]} 8. c3 {[%clk 1:50:31]} Qd7 {[%clk 1:37:41]}
9. h3 {[%clk 1:45:58]} Be6 {[%clk 1:35:23]} 10. Nbd2 {[%clk 1:43:20]} Rad8
{[%clk 1:34:35]} 11. Bxe6 {[%clk 1:38:58]} Qxe6 {[%clk 1:30:56]} 12. Nc4
{[%clk 1:33:15]} Rfe8 {[%clk 1:26:51]} 13. b4 {[%clk 1:24:31]} Bf8
{[%clk 1:15:44]} 14. b5 {[%clk 1:14:00]} Ne7 {[%clk 1:15:32]} 15. a5
{[%clk 1:02:35]} Ng6 {[%clk 1:02:35]} 16. b6 {[%clk 0:50:34]} axb6
{[%clk 1:01:42]} 17. axb6 {[%clk 0:50:37]} cxb6 {[%clk 1:01:47]} 18. Ng5
{[%clk 0:45:46]} Qc8 {[%clk 0:53:39]} 19. Qb3 {[%clk 0:44:45]} b5
{[%clk 0:51:41]} 20. Nb6 {[%clk 0:37:28]} Qc7 {[%clk 0:51:38]} 21. Nd5
{[%clk 0:32:52]} Nxd5 {[%clk 0:50:46]} 22. exd5 {[%clk 0:32:56]} Ra8
{[%clk 0:45:55]} 23. Bd2 {[%clk 0:30:51]} h6 {[%clk 0:42:22]} 24. Nf3
{[%clk 0:29:39]} Qd7 {[%clk 0:40:57]} 25. Rab1 {[%clk 0:26:50]} Ra5
{[%clk 0:39:09]} 26. Kh2 {[%clk 0:19:57]} Rea8 {[%clk 0:37:55]} 27. Rb2
{[%clk 0:17:26]} Be7 {[%clk 0:36:02]} 28. Re4 {[%clk 0:14:42]} Bd8
{[%clk 0:32:12]} 29. Rb4 {[%clk 0:12:19]} Ra3 {[%clk 0:29:33]} 30. Qc2
{[%clk 0:11:39]} R8a5 {[%clk 0:29:38]} 31. d4 {[%clk 0:09:45]} Bf6
{[%clk 0:28:02]} 32. Qe4 {[%clk 0:08:39]} R3a4 {[%clk 0:26:09]} 33. Qd3
{[%clk 0:07:04]} exd4 {[%clk 0:13:51]} 34. cxd4 {[%clk 0:06:34]} Rxb4
{[%clk 0:13:38]} 35. Rxb4 {[%clk 0:06:29]} Ne7 {[%clk 0:13:16]} 36. Qe4
{[%clk 0:03:49]} Qf5 {[%clk 0:13:02]} 37. Qxf5 {[%clk 0:03:46]} Nxf5
{[%clk 0:13:08]} 38. g4 {[%clk 0:03:22]} Ne7 {[%clk 0:10:59]} 39. Rb3
{[%clk 0:03:31]} Ra2 {[%clk 0:10:59]} 40. Rxb5 {[%clk 0:02:59]} Bxd4
{[%clk 0:10:48]} 41. Kg2 {[%clk 0:02:51]} Bc5 {[%clk 0:10:22]} 42. Rxb7
{[%clk 0:02:44]} Nxd5 {[%clk 0:10:28]} 43. Rb3 {[%clk 0:02:22]} Nf6
{[%clk 0:09:26]} 44. Be3 {[%clk 0:01:28]} Ne4 {[%clk 0:09:31]} 45. Rb8+
{[%clk 0:01:09]} Kh7 {[%clk 0:09:37]} 46. Bxc5 {[%clk 0:01:16]} dxc5
{[%clk 0:09:43]} 47. Ne5 {[%clk 0:01:23]} Rxf2+ {[%clk 0:09:25]} 48. Kg1
{[%clk 0:01:32]} f6 {[%clk 0:09:10]} 49. Nd7 {[%clk 0:01:36]} Rd2
{[%clk 0:07:34]} 50. Rb7 {[%clk 0:00:47]} h5 {[%clk 0:02:19]} 51. Rc7
{[%clk 0:00:29]} hxg4 {[%clk 0:02:12]} 52. hxg4 {[%clk 0:00:37]} Kh6
{[%clk 0:02:15]} 53. Nxc5 {[%clk 0:00:26]} Rc2 {[%clk 0:02:00]} 54. Ne6
{[%clk 0:00:25]} Rxc7 {[%clk 0:01:56]} 55. Nxc7 {[%clk 0:00:34]} Kg5
{[%clk 0:01:15]} 1/2-1/2

[Event "HSG Open 2019 A"]
[Site "Hilversum"]
[Date "2019.06.21"]
[Round "2.5"]
[White "Doggers, Peter"]
[Black "Ten Hertog, Hugo"]
[Result "0-1"]
[BlackElo "2482"]
[WhiteElo "2144"]
[LiveChessVersion "1.4.8"]

1. Nf3 g6 {[%clk 1:47:55]} 2. g3 {[%clk 1:49:41]} Bg7 {[%clk 1:47:58]} 3. Bg2
{[%clk 1:49:30]} d6 {[%clk 1:46:59]} 4. O-O {[%clk 1:48:43]} Nd7 {[%clk 1:44:46]}
5. d4 {[%clk 1:43:27]} e5 {[%clk 1:42:15]} 6. c4 {[%clk 1:41:56]} Ne7
{[%clk 1:42:00]} 7. Nc3 {[%clk 1:41:25]} O-O {[%clk 1:42:02]} 8. e4
{[%clk 1:39:15]} h6 {[%clk 1:25:21]} 9. b3 {[%clk 1:20:26]} f5 {[%clk 1:10:03]}
10. Bb2 {[%clk 0:51:21]} f4 {[%clk 1:05:13]} 11. Qc2 {[%clk 0:42:27]} exd4
{[%clk 0:57:06]} 12. Nb5 {[%clk 0:42:35]} d3 {[%clk 0:56:21]} 13. Qd2
{[%clk 0:42:44]} Bxb2 {[%clk 0:56:22]} 14. Qxb2 {[%clk 0:42:51]} Nc6
{[%clk 0:56:14]} 15. Rad1 {[%clk 0:33:43]} Nde5 {[%clk 0:52:07]} 16. Nxe5
{[%clk 0:30:27]} Nxe5 {[%clk 0:52:05]} 17. c5 {[%clk 0:30:35]} Qd7
{[%clk 0:49:54]} 18. gxf4 {[%clk 0:29:44]} Rxf4 {[%clk 0:49:03]} 19. Nc3
{[%clk 0:27:59]} Nf3+ {[%clk 0:36:08]} 20. Kh1 {[%clk 0:27:00]} Rh4
{[%clk 0:35:27]} 0-1